000 02820nam0a2200421 4500
001 RU\NLR\bibl\858455
005 20260407124203.0
010 _a5-902338-04-2
_bв обл.
_9500
021 _aRU
_b2005-30211
_91511
035 _a(nilc)RSL-KNO-002604703
035 _a(NLR Aleph) 000847158
090 _a1457022
_c1457022
100 _a20050523d2004 |||y0rusy50 ca
101 0 _arus
102 _aRU
105 _ay |||||||||
106 _ar
200 1 _aГМО - скрытая угроза России
_eматериалы к Докл. Президенту Рос. Федерации "По анализу эффективности государственного контроля за оборотом генетически модифицированных продуктов питания" (п. 3 "и" Протокола № 4 совмест. заседания Совета Безопасности и Президиума Госсовета РФ от 13.11.2003 г.)
_fОбщенац. ассоц. генет. безопасности [и др.]
_g[отв. ред. И. В. Стариков]
210 _aМ.
_cЦентр экол. политики России
_cОбщенац. ассоц. генет. безопасности
_d2004
215 _a142 с.
_cил., табл.
_d22
300 _aВ надзаг. также: Центр экологической политики России, Ком. по аграр.-продоволств. политике Совета Федерации Федер. Собр. Рос. Федерации, Рос. регион. экол. центр. [и др.]
320 _aБиблиогр. в конце ст.
606 1 _aПищевые продукты
_jСборники
_xКачество и безопасность
_yРоссийская Федерация
_92174973
_3RU\NLR\auth\661308117
606 1 _aПищевые продукты генетически модифицированные
_jСборники
_xГигиеническая оценка
_92285367
_3RU\NLR\auth\661368996
610 0 _aЗдравоохранение. Медицинские науки -- Гигиена питания -- Санитарно-пищевой надзор
610 0 _aгенетически модифицированные продукты
686 _aР123.1,0
_2rubbk
686 _aХ621.142.07я43
686 _aР123.02я43
702 1 _aСтариков
_bИ. В.
_gИван Валентинович
_4340
712 0 2 _4570
_aОбщенациональная ассоциация генетической безопасности
_9649627
_3RU\NLR\AUTH\8810073815
801 0 _aRU
_bRuMoRKP
_c20050523
_grcr
801 1 _aRU
_bRuMoRGB
_c20050523
801 2 _aRU
_bNLR
_c20051021
_grcr
942 _cBOOK
980 _aNB